Men and Movements in American Philosophy (Record no. 1993)
[ view plain ]
| 000 -LEADER | |
|---|---|
| fixed length control field | 01121cam a22002054a 4500 |
| 005 - ΗΜΕΡΟΜΗΝΙΑ ΚΑΙ ΩΡΑ ΤΕΛΕΥΤΑΙΑΣ ΕΝΗΜΕΡΩΣΗΣ | |
| Πεδίο ελέγχου | 20250605164025.0 |
| 008 - FIXED-LENGTH DATA ELEMENTS--GENERAL INFORMATION | |
| Πεδίο ελέγχου σταθερού μήκους | 250528s ||||||||||||||||||||||||d |
| 035 ## - SYSTEM CONTROL NUMBER | |
| System control number | 16499 |
| 020 ## - ISBN | |
| ISBN | 528596 |
| 040 ## - ΠΗΓΗ ΚΑΤΑΛΟΓΟΓΡΑΦΗΣΗΣ | |
| Φορέας πρωτότυπης καταλογογράφησης | MC Athens Campus Library |
| Γλώσσα καταλογογράφησης | Ελληνικά, Μοντέρνα (1453-) |
| Modifying agency | MC Athens Campus Library |
| Κανόνες περιγραφικής καταλογογράφησης | AACR2 |
| 245 1# - ΤΙΤΛΟΣ ΚΑΙ ΔΗΛΩΣΗ ΥΠΕΥΘΥΝΟΤΗΤΑΣ | |
| Τίτλος | Men and Movements in American Philosophy |
| 260 ## - PUBLICATION, DISTRIBUTION, ETC. | |
| Name of publisher, distributor, etc. | Prentice Hall, |
| Date of publication, distribution, etc. | 1952 |
| 300 ## - PHYSICAL DESCRIPTION | |
| Extent | 406 |
| 505 0# - FORMATTED CONTENTS NOTE | |
| Formatted contents note | Foreword, The Puritan Background, Colonial Materialism and Immaterialism, The American Enlightment, Philosophical Orthodoxy, New England's Wild Oats, The Biologizing of Philosophy, Varieties of Idealism, Pragmatic Perspectives, Cross Currents of Realism, The Emergence of Naturalism, Footnotes and Suggested Reading, Index. |
| 520 ## - SUMMARY, ETC. | |
| Summary, etc. | Foreword, The Puritan Background, Colonial Materialism and Immaterialism, The American Enlightment, Philosophical Orthodoxy, New England's Wild Oats, The Biologizing of Philosophy, Varieties of Idealism, Pragmatic Perspectives, Cross Currents of Realism, The Emergence of Naturalism, Footnotes and Suggested Reading, Index. |
| 700 1# - ΠΡΟΣΘΕΤΗ ΑΝΑΓΡΑΦΗ--ΦΥΣΙΚΟ ΠΡΟΣΩΠΟ | |
| Personal name | Blau Joseph L. |
| 9 (RLIN) | 2594 |
| 942 ## - ADDED ENTRY ELEMENTS (KOHA) | |
| Koha item type | Books |
| Τύπος τεκμηρίου | Βιβλιοθήκη | Τρέχουσα τοποθεσία | Barcode | Αριθμός εισαγωγής | Ημερομηνία απόκτησης | Ταξιθετικό σύμβολο | Αριθμός αντιτύπου | Κατάσταση απόσυρσης | Κατάσταση χαμένου | Κατάσταση κατεστραμμένου | Μη δανεισμός | Σύνολο δανεισμών | Ημερομηνία τελευταίας εμφάνισης | Η τιμή ισχύει από |
|---|---|---|---|---|---|---|---|---|---|---|---|---|---|---|
| Books | MC Athens Campus Library | MC Athens Campus Library | 9780000019929 | 4204 | 05/06/2025 | 191 BLA | 1 | 05/06/2025 | 05/06/2025 |